| 000 | 01481nam a22004097a 4500 | ||
|---|---|---|---|
| 003 | CHAP | ||
| 005 | 20220329133212.0 | ||
| 008 | 971013s1986 r 00010 d | ||
| 010 | _a3322 | ||
| 011 | _a4294 | ||
| 035 | _a3496 | ||
| 040 | _cCHAP | ||
| 090 | _aTesis | ||
| 100 | 0 | 0 |
_aSánchez Lezama, José Germán. _9107645 |
| 245 | _aEnsayo preliminar para la generación de dosis óptimas económicas en N, P y densidad de población para maíz de temporal en la región de Coscomatepec, Ver. | ||
| 260 |
_aChapingo, Méx. : _bEl autor, _c1986 |
||
| 300 | _a48 h. | ||
| 502 | _aTesis (Ing. Agr. Esp. en Suelos) -- UACH. Departamento de Suelos | ||
| 590 |
_aALEPH _b10 _c20130110 _lUCH01 _h1215 |
||
| 590 |
_aBATCH-UPD _b10 _c20130110 _lUCH01 _h0029 |
||
| 590 |
_aBATCH-UPD _b10 _c20130110 _lUCH01 _h1031 |
||
| 590 |
_aBATCH-UPD _b10 _c20130409 _lUCH01 _h2011 |
||
| 590 |
_aBATCH-UPD _b10 _c20130410 _lUCH01 _h0634 |
||
| 590 |
_aBATCH-UPD _b10 _c20130913 _lUCH01 _h2140 |
||
| 590 |
_aCONVERSION _b10 _c20130109 _lUCH01 _h1303 |
||
| 650 | 1 | 4 |
_aAgricultura de temporal. _91999 |
| 650 | 1 | 4 |
_aAndosoles. _95631 |
| 650 | 1 | 4 |
_aMaíz _xEspaciamiento. _970946 |
| 650 | 1 | 4 |
_aMaíz _xRendimiento. _971051 |
| 650 | 1 | 4 |
_aMaíz _xVeracruz. _971085 |
| 650 | 1 | 4 |
_aNitrógeno _xEfecto en maíz. _981447 |
| 650 | 1 | 4 |
_aPotasio _xEfecto en maíz. _991104 |
| 901 | _aBK | ||
| 942 | _cFOLL | ||
| 949 |
_bBC _cTES _d-144142 _eTS1 _h28900 _i3496 _si |
||
| 949 |
_bBC _cTES _d33724000084752 _eTS2 _fc.2 _h28901 _i3496 _si |
||
| 999 |
_c3322 _d3322 |
||